00695nam a2200241 a 4500001001300000003000900013005001700022008004100039020001000080082001500090100002100105245003500126260004700161300000900208500003500217505001000252650002500262700002100287902000800308942000700316952011500323999001500438nice12345678IN_TiNIC20260116011658.0050524s1976 mada grp 000 0 eng  ac10000a500.8bCOS aCosling, David L aScience and Religion in India. aMadrasbChristian Literature Societyc1976 a174p aincludes index and biblioraphy2 aIndex aReligion and Science1 aCosling, David L bSRS cBK 001040708StackRoom-aHMIbHMId2007-06-11g100.00l0o500.8 COSp08117r2007-06-11v100.00w2005-05-24yBK c3351d3351